[Collection of Byzantine and Orthodox musics : Eastern Orthodox liturgy
Contains works for choir of male voices and works for male soloist.
Saved in:
| Main Author: | |
|---|---|
| Corporate Authors: | , |
| Format: | Audio |
| Language: | Undetermined |
| Published: |
[196-?]
|
| Subjects: | |
| Tags: |
Add Tag
No Tags, Be the first to tag this record!
|
| LEADER | 01424njm a2200337 a 4500 | ||
|---|---|---|---|
| 001 | 007715954-3 | ||
| 005 | 20090713015443.0 | ||
| 008 | 971118s196u xx munn | und d | ||
| 035 | 0 | |a ocm82330567 | |
| 035 | 0 | |a ocn181916651 | |
| 040 | |a MH-Mu |c MH-Mu | ||
| 047 | |a hy |a cc | ||
| 100 | 1 | |a Boulton, Laura, |d 1899-1980. | |
| 245 | 0 | 0 | |a [Collection of Byzantine and Orthodox musics : |b Eastern Orthodox liturgy |h sound recording / |c collected by Laura Boulton] |
| 260 | |c [196-?] | ||
| 300 | |a 1 sound tape reel : |b analog, 7 1/2 ips, mono. ; |c 7 in. | ||
| 500 | |a Tape may partially duplicate material from AWM RL 15047 (1-4),music of the Armenian Church in Turkey. | ||
| 500 | |a No documentation exists for this tape except Laura Boulton's handwritten indication, from which title is taken, and "Armenian (Istanbul)?" both on container spine. | ||
| 500 | |a Given to the Archive of World Music by the Laura Boulton Foundation in 1994. | ||
| 520 | |a Contains works for choir of male voices and works for male soloist. | ||
| 610 | 2 | 0 | |a Orthodox Eastern Church |v Hymns. |
| 610 | 2 | 0 | |a Armenian Church |z Turkey |x Hymns. |
| 610 | 2 | 0 | |a Armenian Church |z Turkey |x Liturgy. |
| 610 | 2 | 0 | |a Orthodox Eastern Church |x Liturgy. |
| 650 | 0 | |a Armenians |z Turkey |v Music. | |
| 650 | 0 | |a Music |z Armenia. | |
| 650 | 0 | |a Music |z Turkey. | |
| 710 | 2 | |a Archive of World Music. | |
| 710 | 2 | |a Laura Boulton Foundation, Inc. | |
| 988 | |a 20020608 | ||
| 906 | |0 MH | ||


